|
|
|
|
| LEADER |
02670nam a2200697 i 4500 |
| 001 |
nkc20203257464 |
| 003 |
CZ PrNK |
| 005 |
20220715081144.0 |
| 007 |
ta |
| 008 |
201008s2020 xr ac e c 000 0dcze |
| 015 |
|
|
|a cnb003257464
|
| 020 |
|
|
|a 978-80-87691-28-1
|q (Pustina Jiří - Ámos ;
|q brožováno)
|
| 035 |
|
|
|a (OCoLC)1335741898
|
| 040 |
|
|
|a BOA001
|b cze
|e rda
|
| 041 |
1 |
|
|a cze
|a eng
|a slo
|h cze
|h slo
|
| 043 |
|
|
|a e-xr---
|b e-xr-pg
|2 czenas
|
| 045 |
|
|
|a y1y2
|
| 072 |
|
7 |
|a 72/76
|x Výtvarné umění
|2 Konspekt
|9 21
|
| 080 |
|
|
|a 72/76(437.3)
|2 MRF
|
| 080 |
|
|
|a 7.036/.038
|2 MRF
|
| 080 |
|
|
|a 72/76:069.9
|2 MRF
|
| 080 |
|
|
|a (437.311)
|2 MRF
|
| 080 |
|
|
|a (083.824)
|2 MRF
|
| 080 |
|
|
|a (082.2)
|2 MRF
|
| 245 |
0 |
0 |
|a Domácí úkoly a cesty =
|b Homework and journeys : 2016-2020 : XX let Galerie La Femme /
|c překlad: Karel Urban
|
| 246 |
3 |
|
|a Dvacet let Galerie La Femme
|
| 246 |
3 |
0 |
|a XX let Galerie La Femme
|
| 246 |
3 |
1 |
|a Homework and journeys
|
| 246 |
1 |
8 |
|a Galerie La Femme 2016-2020
|
| 264 |
|
1 |
|a V Ostravě :
|b Tiskservis Ostrava :
|b Pustina Jiří - Ámos,
|c 2020
|
| 300 |
|
|
|a 151 stran :
|b ilustrace (převážně barevné), portréty ;
|c 22 cm
|
| 336 |
|
|
|a text
|b txt
|2 rdacontent
|
| 336 |
|
|
|a statický obraz
|b sti
|2 rdacontent
|
| 337 |
|
|
|a bez média
|b n
|2 rdamedia
|
| 338 |
|
|
|a svazek
|b nc
|2 rdacarrier
|
| 500 |
|
|
|a Název z obálky
|
| 546 |
|
|
|a Částečně slovenský text, převážně souběžný anglický text
|
| 610 |
2 |
7 |
|a Galerie La Femme (Praha, Česko)
|7 kn20071114005
|2 czenas
|
| 648 |
|
4 |
|a 2016-2020
|
| 648 |
|
7 |
|a 21. století
|7 ch460559
|2 czenas
|
| 650 |
0 |
7 |
|a české výtvarné umění
|7 ph116865
|y 21. století
|2 czenas
|
| 650 |
0 |
7 |
|a moderní umění
|7 ph115340
|z Česko
|2 czenas
|
| 650 |
0 |
7 |
|a umělecké výstavy
|7 ph135854
|z Česko
|y 21. století
|2 czenas
|
| 650 |
0 |
9 |
|a Czech art
|y 21st century
|2 eczenas
|
| 650 |
0 |
9 |
|a modern art
|z Czechia
|2 eczenas
|
| 650 |
0 |
9 |
|a art exhibitions
|z Czechia
|y 21st century
|2 eczenas
|
| 651 |
|
7 |
|a Praha (Česko)
|7 ge118011
|2 czenas
|
| 651 |
|
9 |
|a Prague (Czechia)
|2 eczenas
|
| 655 |
|
7 |
|a katalogy výstav
|7 fd132536
|2 czenas
|
| 655 |
|
7 |
|a jubilejní publikace
|7 fd131839
|2 czenas
|
| 655 |
|
9 |
|a exhibition catalogs
|2 eczenas
|
| 655 |
|
9 |
|a jubilee books
|2 eczenas
|
| 700 |
1 |
|
|a Urban, Karel,
|d 1973-
|7 jo20000080573
|4 trl
|
| 710 |
2 |
|
|a Galerie La Femme (Praha, Česko)
|7 kn20071114005
|4 aut
|
| 787 |
0 |
8 |
|i Volné pokračování katalogu:
|t Domácí úkoly a obrazy z cest
|
| 910 |
2 |
|
|a BOA001
|b 2-1484.994
|
| 928 |
9 |
|
|a Ámos
|
| 990 |
|
|
|a BK
|
| 995 |
|
|
|a 01
|
| 991 |
|
|
|b 202205
|c NOV
|
| 996 |
6 |
|
|b 2610902776
|c 2-1484.994
|l MZK
|r Sklad / do 1 hodiny
|n 0
|p p.v.
|w 001886676
|u 000010
|a 1
|e BOA001
|j MZK50
|s P
|